Discurso pronunciado por D. Manuel Sánchez de Castro en la sesión celebrada en la Iglesia de la Universidad el día 2 de Mayo de 1908 para conmemorar el 1er. centenario de la Guerra de la Independencia / (Record no. 137553)

MARC details
000 -LEADER
campo de control de longitud fija 00594nam a2200145 4500
001 - NÚMERO DE CONTROL
campo de control 137553
003 - IDENTIFICADOR DE NÚMERO DE CONTROL
campo de control ES-MaACL
007 - CAMPO FIJO DE DESCRIPCIÓN FÍSICA--INFORMACIÓN GENERAL
campo de control de longitud fija t|
008 - DATOS DE LONGITUD FIJA--INFORMACIÓN GENERAL
campo de control de longitud fija 070214s1908 sp r ||||1| spa d
100 1# - ENTRADA PRINCIPAL--NOMBRE DE PERSONA
Nombre de persona Sánchez de Castro, Manuel.
9 (RLIN) 102573
245 10 - MENCIÓN DEL TÍTULO
Título Discurso pronunciado por D. Manuel Sánchez de Castro en la sesión celebrada en la Iglesia de la Universidad el día 2 de Mayo de 1908 para conmemorar el 1er. centenario de la Guerra de la Independencia /
Mención de responsabilidad, etc. Manuel Sánchez de Castro.
260 ## - PUBLICACIÓN, DISTRIBUCIÓN, ETC.
Lugar de publicación, distribución, etc. Sevilla :
Nombre del editor, distribuidor, etc. Papeleria Sevillana,
Fecha de publicación, distribución, etc. 1908.
300 ## - DESCRIPCIÓN FÍSICA
Extensión 27 p. ;
Dimensiones 21 cm.
852 ## - LOCALIZACIÓN
Ubicación ES-MaACL
Número de control de estantería T-671-F-3
Holdings
Estatus retirado Estado de pérdida Estado de daño No para préstamo Colección Biblioteca de origen Biblioteca actual Ubicación en estantería Fecha de adquisición Fuente de adquisición Total de préstamos Signatura topográfica completa Código de barras Visto por última vez Precio de reemplazo Tipo de ítem Koha
        Colección de folletos Biblioteca del Ateneo de Madrid Biblioteca del Ateneo de Madrid Depósito folletos 17/01/2008     T-671-F-3 1143142 23/02/2023 23/02/2023 Folleto